Cyclisme : Les vainqueurs de momument du cyclisme : mort subite - Statistiques

Statistiques générales
  • Ce quiz a été pris 100 fois
  • Le résultat moyen est 10 sur 16
Answers on the Grid
Answers color-coded by a green-red scale on the quiz's grid according to % correct below.
Alejandro Valverde
Jasper Stuyven
Jasper Philipsen
Alberto Contador
Alberto Bettiol
Stefan Küng
Mark Cavendish
Tiesj Benoot
Merckx Eddy
Raymond Poulidor
Caleb Ewan
Bob Jungels
Mark Hirschi
Ben Healy
Thibaut Pinot
Valentin Madouas
Primoz Roglic
Ben Turner
Andy Schleck
Philippe Gilbert
Jan Hirt
Domenico Pozzovivo
Laurent Jalabert
Arnaud De Lie
Mathieu van der Poel
Mads Pedersen
Tom Boonen
Peter Sagan
Simon Yates
Fabio Jakobsen
 
Statistiques - réponses
Réponse % Correct
Alejandro Valverde
89%
Merckx Eddy
85%
Jasper Philipsen
74%
Mathieu van der Poel
71%
Jasper Stuyven
68%
Philippe Gilbert
68%
Tom Boonen
68%
Peter Sagan
67%
Alberto Bettiol
61%
Primoz Roglic
56%
Thibaut Pinot
56%
Bob Jungels
51%
Laurent Jalabert
51%
Mark Cavendish
51%
Raymond Poulidor
51%
Andy Schleck
42%
Aucun quiz correspondant
Distribution des résultats
% des personnes avec chaque résultat
Percentile par nombre de réponses
Votre historique - résultats
Vous n’avez pas pris ce quiz